| 000 | 00552nam a2200217Ia 4500 | ||
|---|---|---|---|
| 003 | OSt | ||
| 005 | 20240808171953.0 | ||
| 008 | 210210b1995 xxu||||| |||| 00| 0 eng d | ||
| 020 | _a81 7201 845 2 | ||
| 040 | _cAL | ||
| 041 | _aEng | ||
| 082 | _a809.88914 SAHR | ||
| 100 |
_aSAHITYA AKADEMI. _9176056 |
||
| 245 | _aRahul Sankrityayan: Makers of Indian literature | ||
| 260 |
_aN D _bSahitya Akademi _c1995 |
||
| 300 | _a60 | ||
| 690 |
_aIndian Literature _9176057 |
||
| 700 |
_aPrabhakar Machwe _9176058 |
||
| 906 | _a053679 | ||
| 942 |
_2ddc _cBK |
||
| 999 |
_c101630 _d101630 |
||